Main tou aisa socht ahun (Record no. 614936)
[ view plain ]
| 000 -LEADER | |
|---|---|
| fixed length control field | 00499nam a22001577a 4500 |
| 020 ## - INTERNATIONAL STANDARD BOOK NUMBER | |
| International Standard Book Number | 9789696522362 |
| 082 ## - DEWEY DECIMAL CLASSIFICATION NUMBER | |
| Classification number | 891.439 |
| Author Mark | MAN |
| 100 ## - MAIN ENTRY--PERSONAL NAME | |
| Personal name | Dr.Muhammad Mushtaq Ahmed Mangat |
| 245 ## - TITLE STATEMENT | |
| Title | Main tou aisa socht ahun |
| 260 ## - PUBLICATION, DISTRIBUTION, ETC. | |
| Place of publication, distribution, etc. | لاہور: |
| Name of publisher, distributor, etc. | جمہوری پبلیکیشنز, |
| Date of publication, distribution, etc. | 2025. |
| 300 ## - PHYSICAL DESCRIPTION | |
| Extent | 184p. ; |
| 563 ## - BINDING INFORMATION | |
| Binding note | HB |
| 880 ## - ALTERNATE GRAPHIC REPRESENTATION | |
| Linkage | 100-01\(3\r |
| Title | ڈاکٹر محمد مشتاق احمد منگٹ |
| 880 ## - ALTERNATE GRAPHIC REPRESENTATION | |
| Linkage | 245-02\(3\r |
| Title | میں تو ایسا سوچتا ہوں۔ |
| 942 ## - ADDED ENTRY ELEMENTS (KOHA) | |
| Source of classification or shelving scheme | |
| Koha item type | Book |
| Withdrawn status | Lost status | Source of classification or shelving scheme | Damaged status | Not for loan | Permanent Location | Current Location | Shelving location | Date acquired | Total Checkouts | Total Renewals | Full call number | Barcode | Checked out | Date last seen | Date last checked out | Price effective from | Koha item type |
|---|---|---|---|---|---|---|---|---|---|---|---|---|---|---|---|---|---|
| Central Library (CL) | Central Library (CL) | Fiction | 09/29/2025 | 1 | 2 | 891.439 MAN | CL-D-3067 | 03/19/2026 | 10/23/2025 | 10/23/2025 | 09/29/2025 | Book |
